Rôles de Wolvesville par Images - 6 - Statistiques

Statistiques générales
  • Ce quiz a été pris 15 fois
  • Le résultat moyen est 12 sur 16
Statistiques - réponses
Par images Réponse % Correct
Fou
100%
Médium
92%
Loup de l'Ombre
83%
Tireur
83%
Bodybuilder
75%
Boulanger
75%
Cannibale
75%
Loup-Gardien
75%
Loup-Gélatineux
75%
Parieur
75%
Carillonneur
67%
Grand-mère Grincheuse
67%
Loup-Influenceur
67%
Assassin
50%
Loup-Nécrologue
50%
Rôdeur
50%
Aucun quiz correspondant
Distribution des résultats
% des personnes avec chaque résultat
Percentile par nombre de réponses
Votre historique - résultats
Vous n’avez pas pris ce quiz